| 000 | 00426nam a2200157Ia 4500 | ||
|---|---|---|---|
| 008 | 151213s9999 xx 000 0 und d | ||
| 020 | _a0-570-21654-4 | ||
| 100 | _aA.nthony Thwaite | ||
| 245 |
_aPhilip Larkin Selected Poems _cA.nthony Thwaite |
||
| 260 |
_aAustralia _bThe Marvell Press & Faber an Faber _c2003 |
||
| 300 | _a7126 p. | ||
| 650 | _aEnglish | ||
| 650 | _aEnglish | ||
| 700 | _aA.nthony Thwaite | ||
| 999 |
_c3770 _d3770 |
||